00839nam a2200241 i 4500003000900000005001700009007000300026008004100029020001800070040003000088082002400118100004100142245003300183264007100216300002500287336002700312337003300339338002800372500007000400586005700470650003300527650003700560DO-SdBNP20260420130643.0ta250402t2024 dr 000 pdspa d z9789945510652 aDO-SdBNPbspacBNPHUerda 4aRD862.44bV182m2221 aVallejo, Osiris,d1971-eautor4aut.10aMala gente /cOsiris Vallejo aSanto Domingo :bEditora Nacional,bMinisterio de Cultura, c2024. a90 páginasc21 cm. atextobtxt2rdacontent asin mediaciónbn2rdamedia avolumenbnc2rdacarrier aIncluye datos biográficos del autor en la solapa de la cubierta aPremio anual de teatro Cristóbal de Llerena, 2023. 7aTeatro dominicano2LIBRUNAM  7aLiteratura dominicana2LIBRUNAM